| 000 | 00452nam a2200169Ia 4500 | ||
|---|---|---|---|
| 005 | 20241212023525.0 | ||
| 008 | 240331s9999 xx 000 0 und d | ||
| 020 | _a0140156488 | ||
| 082 |
_a823 _bTHE |
||
| 245 | 4 | _aThe penguin new writing in Sri Lanka | |
| 260 |
_aNew Delhi _bPenguin Books India (Pvt) Ltd. _c1992 |
||
| 300 | _aXXviii, 245 P ., | ||
| 650 | _aShort Stories | ||
| 650 | _aPoems | ||
| 700 |
_aGoonetilleke, D.C.R.A. _eedt |
||
| 942 | _cL | ||
| 999 |
_c3345 _d3345 |
||